|
|
|
|
| LEADER |
00000nab a2200000 a 4500 |
| 001 |
vtls008159949 |
| 003 |
SK-MaSNL |
| 005 |
20260303074527.0 |
| 008 |
050613c20050224xo dr n 000 00slo |
| 015 |
|
|
|a SVKPORB2005/05
|
| 040 |
|
|
|a SVKPOCL
|b slo
|c SVKPO
|e AACR2
|
| 041 |
0 |
|
|a slo
|
| 044 |
|
|
|a xo
|c SK
|
| 080 |
|
|
|a 371.1
|2 UDC-MRF-SK3
|
| 080 |
|
|
|a 908.437.676
|2 UDC-MRF-SK3
|
| 100 |
1 |
|
|a Staviarsky, Štefan,
|d 1934-
|4 aut
|9 107171
|
| 245 |
1 |
0 |
|a Filozofické dišputy
|b Ján Bayer chcel, aby k nám prišiel Ján Amos Komenský
|c Štefan Staviarsky
|
| 300 |
|
|
|b Fotogr.
|
| 600 |
1 |
7 |
|a Bayer, Ján,
|d 1630-1674
|2 svkpocl
|9 170961
|
| 650 |
0 |
7 |
|a dejiny školstva
|2 svkpocl
|9 71224
|
| 651 |
|
7 |
|a Prešov (Slovensko)
|2 svkpocl
|9 17347
|
| 773 |
0 |
|
|t Prešovský večerník
|g Roč. XVI, č. 3656 (24.2.2005), s. 6
|x 1336-4030
|
| 852 |
|
|
|a SVKPO
|b KIS3GCP
|
| 999 |
|
|
|c 1771972
|d 1773902
|